| 000 | 00457nam a2200181Ia 4500 | ||
|---|---|---|---|
| 005 | 20250423095922.0 | ||
| 008 | 250422s9999 xx 000 0 und d | ||
| 020 | _a9782368474 | ||
| 050 | _aPL 5125 .B35/ | ||
| 100 | _aBaki, Issah A. | ||
| 245 | 0 | _aKamus modern dictionary | |
| 260 | _aAccra, Ghana | ||
| 260 | _bHudahuda publishing co.Ltd. | ||
| 260 | _c1997 | ||
| 300 | _a235 p | ||
| 650 | _aArabic language--Dictionaries--English. | ||
| 942 | _cBK | ||
| 999 |
_c31733 _d31733 |
||